000 00712nam a22001817a 4500
999 _c19028
_d19028
008 240208b ||||| |||| 00| 0 eng d
020 _a9781718208285
082 _22023
_aDC 617.1027
_bP847
100 _aPotach, David.
_951988
245 _aSport injury prevention anatomy :
_byour illustrated guide to building resilience and minimizing injuries /
_cDavid Potach and Erik Meira.
260 _aUnited States of America :
_bHuman Kinetics,
_c©2023.
300 _ax, 220 pages :
_bcolor illustrations ;
_c25 cm.
500 _aIncludes references.
650 _aSports injuries
_xPrevention.
_913143
650 _aSports
_xPhysiological aspects.
_952439
700 _aMeira, Erik.
_eauthor.
_951989
942 _2ddc
_cDC